000 02105nam a2200301 i 4500
003 CO-CtgCURN
005 20250522163000.0
007 ta
008 140509s2005 sp a f 000 0 spa d
020 _a9588270006
040 _aCO-CtgCURN
_bspa
_ccoctgcurn
082 0 4 _a616.99431
_bC514c
100 1 _aChediak Atia, Edmond.
245 1 0 _aCáncer de la cavidad oral /
_cEdmond Chediak Atia.
260 _aBogotá :
_bEditorial Libros y Libros,
_c2005.
300 _a164 p. :
_bil. fotografias ;
_c28 cm.
336 _2rdacontent
337 _2rdamedia
_asin mediacion
_bn
338 _2rdacarrier
_avolumen
_bnc
504 _aBibliografía pp:161-164
505 _aCáncer de cavidad oral --Factores cancerígenos --Examen --Tumores benignos --Lesiones precancerosas --Biopsia --Etiología y patogénesis del cáncer oral --Diagnóstico clínico del cáncer oral --Carcinoma escamocelular --Adenocarcinomas --Plasmocitoma --Melanoma maligno --Tumores óseos malignos --Cáncer de senos maxilares --Cáncer de labios --Cáncer de encía --Carcinoma del alveolo inferior --Cáncer de lengua y piso de la boca --Cáncer de mejilla --Trígono retromolar --Cáncer de paladar --Leucemias y linfomas --Tratamiento --Metástasis --Tratamiento del cáncer de cavidad oral --Cirugía --Radioterapia --Quimioterapia --Manejo de la cavidad oral en el paciente con cáncer --Complicaciones orales por la radioterapia --Complicaciones orales por la quimioterapia --Complicaciones orales --Rehabilitación --Rehabilitación protésica --Clasificación --Defectos maxilares --Tratamiento --Defectos mandibulares -- Prótesis parcial removible --Prótesis totales --Defectos faciales --Elaboración de prótesis facial --Prótesis faciales implanto-soportadas --Consideraciones protésicas
650 1 4 _aBoca
_xCáncer.
650 1 4 _aCavidad oral
_xCáncer
942 _cBK
_h616.99431
_iC514c
_2ddc
_n0
999 _c22463
_d22463